Detalles MARC
| 000 -ENCABEZADO |
| Número de control [NR] |
02645cam a2200337Mc 4500 |
| 001 - NÚMERO DE CONTROL |
| control field |
ocn915462959 |
| 005 - FECHA Y HORA DE LA ÚLTIMA TRANSACCIÓN |
| control field |
20160401090355.0 |
| 008 - DE LONGITUD FIJA DE DATOS DE ELEMENTOS - INFORMACIÓN GENERAL |
| Elementos de longitud fija [NR] |
160401s2015 xxud fr 001 0 eng d |
| 020 ## - NUMERO INTERNACIONAL NORMALIZADO PARA LIBROS [R] |
| Número Internacional Normalizado del libro [NR] |
9780691155623 |
| 020 ## - NUMERO INTERNACIONAL NORMALIZADO PARA LIBROS [R] |
| Número Internacional Normalizado del libro [NR] |
0691155623 |
| 020 ## - NUMERO INTERNACIONAL NORMALIZADO PARA LIBROS [R] |
| Número Internacional Normalizado del libro [NR] |
9781400865895 |
| 020 ## - NUMERO INTERNACIONAL NORMALIZADO PARA LIBROS [R] |
| Número Internacional Normalizado del libro [NR] |
1400865891 |
| 035 ## - NUMERO DE CONTROL DEL SISTEMA [R] |
| Número de control del sistema [NR] |
(OCoLC)915462959 |
| 040 ## - FUENTE DE CATALOGACION [NR] |
| Agencia de catalogación original [NR] |
Co-BoUCM |
| Quien Cataloga |
Saul Niño |
| Quien Clasifica |
Saul Niño |
| 041 0# - CODIGO DE IDIOMA [R] |
| Código de idioma para texto/pista de sonido o título separado [R] |
Inglés |
| 100 1# - ASIENTO PRINCIPAL--NOMBRE PERSONAL [NR] |
| Nombre personal [NR] |
Rivera, Lauren A. |
| ID Autoridad |
76398 |
| 245 10 - MENCION DE TITULO [NR] |
| Título [NR] |
Pedigree |
| Parte restante del título [NR] |
How elite students get elite jobs |
| Mención de responsabilidad, etc. [NR] |
Lauren A. Rivera |
| 260 ## - PUBLICACION, DISTRIBUCION, ETC. (PIE DE IMPRENTA) [R] |
| Lugar de publicación, distribución, etc. [R] |
Princeton (Nueva Jersey, Estados Unidos) |
| Nombre del editor, distribuidor, etc. [R] |
Princeton University Press |
| Fecha de publicación, distribución, etc. [R] |
2015 |
| 300 ## - DESCRIPCION FISICA [R] |
| Extensión [R] |
375 páginas |
| Otros detalles físicos [NR] |
Gráficas |
| 504 ## - NOTA DE BIBLIOGRAFIA, ETC. [R] |
| Nota de bibliografía, etc. [NR] |
Incluye referencias bibliográficas e índices |
| 520 8# - NOTA DE RESUMEN, ETC. [R] |
| Nota de sumario, etc. [NR] |
Americans are taught to believe that upward mobility is possible for anyone who is willing to work hard, regardless of their social status, yet it is often those from affluent backgrounds who land the best jobs. Pedigree takes readers behind the closed doors of top-tier investment banks, consulting firms, and law firms to reveal the truth about who really gets hired for the nation's highest-paying entry-level jobs, who doesn't, and why. Drawing on scores of in-depth interviews as well as firsthand observation of hiring practices at some of America's most prestigious firms, Lauren Rivera shows how, at every step of the hiring process, the ways that employers define and evaluate merit are strongly skewed to favor job applicants from economically privileged backgrounds. She reveals how decision makers draw from ideas about talent--what it is, what best signals it, and who does (and does not) have it--that are deeply rooted in social class. Displaying the "right stuff" that elite employers are looking for entails considerable amounts of economic, social, and cultural resources on the part of the applicants and their parents. Challenging our most cherished beliefs about college as a great equalizer and the job market as a level playing field, Pedigree exposes the class biases built into American notions about the best and the brightest, and shows how social status plays a significant role in determining who reaches the top of the economic ladder |
| 546 ## - NOTA DE IDIOMA [R] |
| Nota de idioma [NR] |
Texto en ingles |
| 650 #7 - ASIENTO SECUNDARIO DE MATERIA - TERMINO TEMATICO [R] |
| Término temático o nombre geográfico como elemento de entrada [NR] |
Sociedad |
| 9 (RLIN) |
24717 |
| 650 #7 - ASIENTO SECUNDARIO DE MATERIA - TERMINO TEMATICO [R] |
| Término temático o nombre geográfico como elemento de entrada [NR] |
Elite (Ciencias sociales) |
| 9 (RLIN) |
13990 |
| 650 #7 - ASIENTO SECUNDARIO DE MATERIA - TERMINO TEMATICO [R] |
| Término temático o nombre geográfico como elemento de entrada [NR] |
Estudiantes |
| 9 (RLIN) |
7599 |
| Subdivisión general [R] |
Aspectos sociales |
| 650 #7 - ASIENTO SECUNDARIO DE MATERIA - TERMINO TEMATICO [R] |
| Término temático o nombre geográfico como elemento de entrada [NR] |
Estudiantes universitarios |
| Subdivisión general [R] |
Empleados |
| Subdivisión geográfica [R] |
Estados Unidos |
| 9 (RLIN) |
15169 |
| 650 #7 - ASIENTO SECUNDARIO DE MATERIA - TERMINO TEMATICO [R] |
| Término temático o nombre geográfico como elemento de entrada [NR] |
Egresados universitarios |
| Subdivisión general [R] |
Empleados |
| Subdivisión geográfica [R] |
Estados Unidos |
| 9 (RLIN) |
13925 |
| 690 #0 - ASUNTO AGREGADO LOCAL DE ENTRADA - TÉRMINO TEMÁTICO (OCLC, RLIN) |
| Acceso temático local |
Sociología |
| 9 (RLIN) |
386 |
| 942 ## - ELEMENTOS DE ENTRADA AGREGADOS (KOHA) |
| Sistema de clasificación |
DEWEY |
| Tema principal |
Economía |
| Tipo de ítem principal el descrito en 300a |
Libro |
| Edición |
1 |
| Clasificación |
331.114450973 |
| Parte restante de la signatura top. |
R621pe |